000 00543nam a2200181Ia 4500
999 _c9003
_d9003
003 OSt
005 20201009131239.0
008 190216s9999||||xx |||||||||||||| ||und||
020 _a9788130004167
040 _coclc
082 _a006.696
_bSYN/D
100 _aSyndicate, IT Lokam Content
_94591
245 0 _a14 Divasamkondu Photoshop Padikkam /
_c IT Lokam Content Syndicate
260 _bPoorna Pubs,
_aKozhikode:
_c2008.
300 _a127p
650 _aMalayalam
942 _cBK
_2ddc
_h006.696
_iSYN/D
_k006.696
_mSYN/D